书目信息 |
| 题名: |
水质工程实验技术与应用
|
|
| 作者: | 王淑莹 , 曾薇 编著 | |
| 分册: | ||
| 出版信息: | 北京 中国建筑工业出版社 2009.08 |
|
| 页数: | 287页 | |
| 开本: | 26cm | |
| 丛书名: | ||
| 单 册: | ||
| 中图分类: | TU991.2 | |
| 科图分类: | ||
| 主题词: | 给水工程:市政工程 , 城市供水系统 | |
| 电子资源: | ||
| ISBN: | 978-7-112-10895-4 | |
| 000 | 00804nam0 2200241 450 | |
| 001 | 1062436938 | |
| 005 | 20100503173550.90 | |
| 010 | @a978-7-112-10895-4@dCNY48.00 | |
| 100 | @a20100515d2009 km y0chiy0120 ea | |
| 101 | 0 | @achi |
| 102 | @aCN@b110000 | |
| 105 | @ay z 000yy | |
| 200 | 1 | @a水质工程实验技术与应用@Ashui zhi gong cheng shi yan ji shu yu ying yong@f王淑莹, 曾薇编著@Fwang shu ying,ceng wei bian zhu |
| 210 | @a北京@c中国建筑工业出版社@d2009.08 | |
| 215 | @a287页@d26cm | |
| 330 | @a本书介绍了水质工程学的实验技术与应用,重点介绍了体现水处理领域研究热点的研究型实验。 | |
| 606 | 0 | @a给水工程:市政工程 |
| 606 | 0 | @a城市供水系统 |
| 690 | @aTU991.2@v4 | |
| 701 | 0 | @a王淑莹@Awang shu ying@4编著 |
| 701 | 0 | @a曾薇@Aceng wei@4编著 |
| 801 | 0 | @aCN@c20100515 |
| 905 | @dTU991.2@eW350@f3 | |
| 水质工程实验技术与应用/王淑莹, 曾薇编著.-北京:中国建筑工业出版社,2009.08 |
| 287页;26cm |
| ISBN 978-7-112-10895-4:CNY48.00 |
| 本书介绍了水质工程学的实验技术与应用,重点介绍了体现水处理领域研究热点的研究型实验。 |
| ● |
| 相关链接 |
|
|
|
正题名:水质工程实验技术与应用
索取号:TU991.2/W350
 
预约/预借
| 序号 | 登录号 | 条形码 | 馆藏地/架位号 | 状态 | 备注 |
| 1 | 898349 | 208983493 | 建筑库201/201建筑库 132排1列5层/ [索取号:TU991.2/W350] | 在馆 | |
| 2 | 898350 | 208983509 | 建筑库201/201建筑库 132排1列5层/ [索取号:TU991.2/W350] | 在馆 | |
| 3 | 898351 | 208983518 | 市政与环境工程学院资料室/101建筑库 97排1列3层/ [索取号:TU991.2/W350] | 在馆 |